Keď jelene začnú chradnúť-

Podrobná bibliografia
Hlavný autor: Rajský, Dušan, 1950- (Autor)
Médium: Článok
Jazyk:slovenčina
Fyzický popis:Fotogr.
ISSN:0231-8768
Predmet:

MARC

LEADER 00000nab a2200000 a 4500
001 vtls009164129
003 SK-MaSNL
005 20260304153422.0
008 250506c2007 xo |||||||||||000 b|slo
015 |a SNBRB2007/11  |2 snkbucl 
035 |a (uuid)75515433-37e2-465f-a141-c1e94bb6e62e 
035 |a urn:nbn:sk:snk-abet7y 
035 |a (urnnbn)urn:nbn:sk:snk:ar-0074su 
038 |a SNKBUCL 
040 |a SNKBUCL  |b slo  |c SNKBUCL  |e AACR2 
041 0 |a slo 
044 |a xo  |c SK 
080 |a 639.1.09:616.831-022.6  |2 1997 
080 |a 639.1.09:616.9-022.6  |2 1997 
080 |a 639.111.1.09:616.831-022.6  |2 1997 
100 1 |a Rajský, Dušan,  |d 1950-  |4 aut  |9 106685 
245 1 0 |a Keď jelene začnú chradnúť-  |c Dušan Rajský 
300 |b Fotogr. 
650 0 7 |a choroby zveri  |2 snkbucl  |9 3493 
650 0 7 |a prionové choroby  |2 snkbucl  |9 67382 
650 0 7 |a jelene  |2 snkbucl  |9 30956 
650 0 7 |a chronické chradnutie  |2 snkbucl  |9 1476779 
773 0 |t Poľovníctvo a rybárstvo  |g Roč. 59, č. 11 (2007), s. 10-12  |x 0231-8768 
850 |a Slovenská národná knižnica 
852 |a Slovenská národná knižnica 
954 |a odborná, vedecká literatúra pôvodná (slovenská)  |2 lita 
958 |a article27 
958 |a OND 
958 |a EUIPO 
999 |c 2953613  |d 2955543